[Event "Deutsche Ländermeisterschaft 2021"]
[Site "Neumünster GER"]
[Date "2021.10.05"]
[Round "6"]
[White "Richter, Philipp"]
[Black "Wachinger, Nikolas"]
[Result "0-1"]
[Termination "normal"]
[Board "2.2"]
[WhiteElo "2227"]
[BlackElo "2361"]
[WhiteClock "00:17:12"]
[BlackClock "00:04:55"]
[WhiteTeam "Sachsen"]
[BlackTeam "SG Bremen / Niedersachsen"]
[PlyCount "84"]
[WhiteFideId "16219929"]
[BlackFideId "12962791"]
[EventCountry "GER"]
[EventRounds "7"]
[EventType "team-swiss"]
[EventDate "2021.10.01"]

1. d4 {[%clk 1:30:59]} Nf6 {[%clk 1:30:11]} 2. c4 {[%clk 1:31:24]} e6 {[%clk
1:30:29]} 3. Nf3 {[%clk 1:31:51]} Bb4+ {[%clk 1:30:49]} 4. Nc3 {[%clk 1:32:14]}
O-O {[%clk 1:31:09]} 5. g3 {[%clk 1:31:47]} d5 {[%clk 1:29:35]} 6. Bg2 {[%clk
1:28:50]} dxc4 {[%clk 1:26:22]} 7. Ne5 {[%clk 1:27:21]} Nd5 {[%clk 1:16:29]} 8.
Qc2 {[%clk 1:18:45]} Nxc3 {[%clk 1:11:04]} 9. bxc3 {[%clk 1:07:32]} Qxd4 {[%clk
1:11:22]} 10. cxb4 {[%clk 1:07:33]} Qxa1 {[%clk 1:09:50]} 11. f4 {[%clk
1:06:59]} Nd7 {[%clk 0:53:01]} 12. O-O {[%clk 1:03:06]} Nxe5 {[%clk 0:49:15]}
13. Be3 {[%clk 1:03:20]} Nf3+ {[%clk 0:49:40]} 14. Bxf3 {[%clk 1:03:15]} Qf6
{[%clk 0:50:05]} 15. Be4 {[%clk 1:02:14]} h6 {[%clk 0:48:02]} 16. Qxc4 {[%clk
1:02:01]} e5 {[%clk 0:44:03]} 17. Bd3 {[%clk 0:46:49]} Bf5 {[%clk 0:43:03]} 18.
Qxc7 {[%clk 0:41:35]} Bxd3 {[%clk 0:42:44]} 19. exd3 {[%clk 0:41:00]} exf4
{[%clk 0:42:49]} 20. Rxf4 {[%clk 0:40:42]} Qe6 {[%clk 0:38:47]} 21. Bc5 {[%clk
0:38:41]} Rfe8 {[%clk 0:33:34]} 22. Qxb7 {[%clk 0:38:17]} Qxa2 {[%clk 0:33:50]}
23. Rf2 {[%clk 0:38:25]} Qb3 {[%clk 0:25:07]} 24. Bxa7 {[%clk 0:36:01]} f6
{[%clk 0:24:19]} 25. b5 {[%clk 0:30:36]} Re1+ {[%clk 0:11:16]} 26. Kg2 {[%clk
0:30:55]} Rae8 {[%clk 0:11:39]} 27. Qc6 {[%clk 0:29:35]} Qxd3 {[%clk 0:11:30]}
28. b6 {[%clk 0:28:47]} R8e2 {[%clk 0:04:51]} 29. b7 {[%clk 0:23:28]} Rxf2+
{[%clk 0:04:58]} 30. Bxf2 {[%clk 0:23:50]} Qf1+ {[%clk 0:04:16]} 31. Kf3 {[%clk
0:24:10]} Qe2+ {[%clk 0:02:54]} 32. Kg2 {[%clk 0:24:20]} Qf1+ {[%clk 0:03:23]}
33. Kf3 {[%clk 0:24:42]} Qh1+ {[%clk 0:03:26]} 34. Kf4 {[%clk 0:22:24]} Qxc6
{[%clk 0:03:48]} 35. b8=Q+ {[%clk 0:22:45]} Re8 {[%clk 0:04:11]} 36. Qb3+
{[%clk 0:21:58]} Qe6 {[%clk 0:04:17]} 37. Qd3 {[%clk 0:21:52]} Qe2 {[%clk
0:04:13]} 38. Qd5+ {[%clk 0:20:56]} Kh8 {[%clk 0:04:36]} 39. Bd4 {[%clk
0:19:40]} Qd2+ {[%clk 0:04:51]} 40. Kg4 {[%clk 0:19:18]} Qd3 {[%clk 0:04:35]}
41. Kh3 {[%clk 0:19:09]} Re4 {[%clk 0:04:32]} 42. Qf5 {[%clk 0:17:12]} Rxd4
{[%clk 0:04:55]} 0-1

[Event "Deutsche Ländermeisterschaft 2021"]
[Site "Neumünster GER"]
[Date "2021.10.05"]
[Round "6"]
[White "Colbow, Collin"]
[Black "Lutz, Ruben"]
[Result "1/2-1/2"]
[Termination "normal"]
[Board "2.3"]
[WhiteTitle "FM"]
[WhiteElo "2329"]
[BlackElo "2114"]
[WhiteClock "00:01:32"]
[BlackClock "00:01:31"]
[WhiteTeam "SG Bremen / Niedersachsen"]
[BlackTeam "Sachsen"]
[PlyCount "169"]
[WhiteFideId "16201132"]
[BlackFideId "12975974"]
[EventCountry "GER"]
[EventRounds "7"]
[EventType "team-swiss"]
[EventDate "2021.10.01"]

1. e4 {[%clk 1:30:41]} e6 {[%clk 1:30:51]} 2. d4 {[%clk 1:31:06]} d5 {[%clk
1:31:17]} 3. e5 {[%clk 1:31:31]} c5 {[%clk 1:31:27]} 4. c3 {[%clk 1:31:53]} Nc6
{[%clk 1:31:46]} 5. Nf3 {[%clk 1:31:52]} Qb6 {[%clk 1:31:53]} 6. a3 {[%clk
1:32:01]} c4 {[%clk 1:31:49]} 7. Nbd2 {[%clk 1:32:06]} Na5 {[%clk 1:27:26]} 8.
Be2 {[%clk 1:31:50]} Bd7 {[%clk 1:27:49]} 9. O-O {[%clk 1:31:14]} O-O-O {[%clk
1:26:43]} 10. Rb1 {[%clk 1:30:52]} Kb8 {[%clk 1:18:50]} 11. b4 {[%clk 1:24:45]}
cxb3 {[%clk 1:15:13]} 12. c4 {[%clk 1:24:44]} Ba4 {[%clk 1:03:11]} 13. c5
{[%clk 1:24:39]} Qc7 {[%clk 1:00:50]} 14. Ne1 {[%clk 1:20:09]} Ne7 {[%clk
0:57:12]} 15. Nd3 {[%clk 1:18:43]} Nf5 {[%clk 0:55:15]} 16. Nf3 {[%clk
1:14:27]} Be7 {[%clk 0:44:04]} 17. Qe1 {[%clk 1:02:46]} Bb5 {[%clk 0:37:02]}
18. Bd2 {[%clk 0:50:29]} Nc6 {[%clk 0:35:26]} 19. Bc3 {[%clk 0:50:22]} Bc4
{[%clk 0:29:20]} 20. Nc1 {[%clk 0:43:01]} g5 {[%clk 0:25:54]} 21. Qd2 {[%clk
0:39:22]} g4 {[%clk 0:24:19]} 22. Ne1 {[%clk 0:39:14]} Rhg8 {[%clk 0:23:33]}
23. Nxb3 {[%clk 0:33:55]} Bg5 {[%clk 0:22:15]} 24. Qd1 {[%clk 0:33:39]} h5
{[%clk 0:19:32]} 25. Nc2 {[%clk 0:33:22]} Ka8 {[%clk 0:08:06]} 26. Nb4 {[%clk
0:31:21]} Rd7 {[%clk 0:05:49]} 27. Re1 {[%clk 0:06:50]} Rgd8 {[%clk 0:04:06]}
28. Nxc6 {[%clk 0:06:32]} Qxc6 {[%clk 0:04:32]} 29. Na5 {[%clk 0:06:21]} Qa6
{[%clk 0:04:50]} 30. c6 {[%clk 0:01:43]} bxc6 {[%clk 0:04:11]} 31. Qa4 {[%clk
0:01:33]} Ne7 {[%clk 0:01:15]} 32. Rb2 {[%clk 0:01:58]} Bxe2 {[%clk 0:01:04]}
33. Rexe2 {[%clk 0:02:10]} c5 {[%clk 0:00:44]} 34. Re1 {[%clk 0:01:48]} cxd4
{[%clk 0:00:41]} 35. Reb1 {[%clk 0:00:46]} Rc7 {[%clk 0:00:36]} 36. Bxd4 {[%clk
0:00:33]} Rdc8 {[%clk 0:00:37]} 37. h4 {[%clk 0:00:32]} gxh3 {[%clk 0:00:47]}
38. Qb4 {[%clk 0:00:36]} Rc1+ {[%clk 0:00:41]} 39. Kh2 {[%clk 0:00:39]} Rxb1
{[%clk 0:00:34]} 40. Rxb1 {[%clk 0:00:54]} hxg2 {[%clk 0:00:38]} 41. Kxg2
{[%clk 0:20:49]} Nc6 {[%clk 0:21:23]} 42. Nxc6 {[%clk 0:20:22]} Qxc6 {[%clk
0:21:49]} 43. Qa5 {[%clk 0:15:32]} Qd7 {[%clk 0:15:59]} 44. Qa6 {[%clk
0:12:10]} Rc6 {[%clk 0:10:57]} 45. Qe2 {[%clk 0:03:01]} Rc4 {[%clk 0:09:11]}
46. Qxh5 {[%clk 0:02:50]} Rxd4 {[%clk 0:08:19]} 47. Qxg5 {[%clk 0:03:14]} Rc4
{[%clk 0:08:13]} 48. Qg3 {[%clk 0:01:55]} Rc8 {[%clk 0:07:52]} 49. Rb4 {[%clk
0:02:09]} Qc6 {[%clk 0:07:56]} 50. Rf4 {[%clk 0:01:41]} d4+ {[%clk 0:01:24]}
51. Qf3 {[%clk 0:02:08]} Rg8+ {[%clk 0:01:07]} 52. Kf1 Qxf3 {[%clk 0:01:34]}
53. Rxf3 {[%clk 0:02:56]} Rg5 {[%clk 0:01:30]} 54. Ke2 {[%clk 0:01:30]} Rxe5+
{[%clk 0:01:46]} 55. Kd3 {[%clk 0:01:59]} f5 {[%clk 0:01:20]} 56. Kxd4 {[%clk
0:02:26]} Rd5+ {[%clk 0:00:46]} 57. Kc4 {[%clk 0:02:53]} Kb7 {[%clk 0:01:00]}
58. Re3 {[%clk 0:03:03]} Rd6 {[%clk 0:00:43]} 59. Re5 {[%clk 0:02:56]} Ra6
{[%clk 0:00:47]} 60. Kb5 {[%clk 0:02:27]} Rxa3 {[%clk 0:00:44]} 61. Rxe6 {[%clk
0:02:49]} a6+ {[%clk 0:00:44]} 62. Kc4 {[%clk 0:01:35]} Rf3 {[%clk 0:00:55]}
63. Re2 {[%clk 0:00:44]} Kc7 {[%clk 0:00:55]} 64. Ra2 {[%clk 0:00:53]} Kb6
{[%clk 0:00:51]} 65. Rb2+ {[%clk 0:01:13]} Kc6 {[%clk 0:01:11]} 66. Kb4 {[%clk
0:00:59]} Rf4+ {[%clk 0:00:38]} 67. Ka5 {[%clk 0:01:02]} Kd5 {[%clk 0:00:34]}
68. Kxa6 {[%clk 0:01:13]} Rc4 {[%clk 0:00:37]} 69. Kb5 {[%clk 0:01:18]} Rc8
{[%clk 0:00:52]} 70. Re2 {[%clk 0:00:35]} Rb8+ {[%clk 0:01:13]} 71. Ka5 {[%clk
0:00:56]} f4 {[%clk 0:00:50]} 72. Ka4 {[%clk 0:01:21]} Rb1 {[%clk 0:00:38]} 73.
Ka3 {[%clk 0:01:20]} Rf1 {[%clk 0:00:43]} 74. Kb3 {[%clk 0:01:22]} f3 {[%clk
0:00:57]} 75. Rd2+ {[%clk 0:01:11]} Ke4 {[%clk 0:01:13]} 76. Kc3 {[%clk
0:01:30]} Rc1+ {[%clk 0:01:19]} 77. Rc2 {[%clk 0:01:34]} Rf1 {[%clk 0:01:18]}
78. Rd2 {[%clk 0:01:58]} Re1 {[%clk 0:00:40]} 79. Rd4+ {[%clk 0:02:10]} Ke5
{[%clk 0:00:42]} 80. Rd3 {[%clk 0:01:00]} Kf4 {[%clk 0:00:51]} 81. Rd4+ {[%clk
0:01:26]} Kg5 {[%clk 0:00:59]} 82. Kd3 {[%clk 0:00:58]} Re2 {[%clk 0:01:00]}
83. Re4 {[%clk 0:00:49]} Rxf2 {[%clk 0:01:13]} 84. Ke3 {[%clk 0:01:15]} Rf1
{[%clk 0:01:31]} 85. Ra4 {[%clk 0:01:32]} 1/2-1/2

[Event "Deutsche Ländermeisterschaft 2021"]
[Site "Neumünster GER"]
[Date "2021.10.05"]
[Round "6"]
[White "Ehrig, Leon Chris"]
[Black "Schulze, Lara"]
[Result "0-1"]
[Termination "normal"]
[Board "2.4"]
[BlackTitle "FM"]
[WhiteElo "1796"]
[BlackElo "2252"]
[WhiteClock "00:01:58"]
[BlackClock "00:04:23"]
[WhiteTeam "Sachsen"]
[BlackTeam "SG Bremen / Niedersachsen"]
[PlyCount "60"]
[WhiteFideId "16244796"]
[BlackFideId "12956830"]
[EventCountry "GER"]
[EventRounds "7"]
[EventType "team-swiss"]
[EventDate "2021.10.01"]

1. e4 {[%clk 1:30:57]} e5 {[%clk 1:30:58]} 2. Nc3 {[%clk 1:31:06]} Nf6 {[%clk
1:31:20]} 3. f4 {[%clk 1:31:03]} d5 {[%clk 1:31:33]} 4. fxe5 {[%clk 1:30:43]}
Nxe4 {[%clk 1:31:52]} 5. Qf3 {[%clk 1:30:55]} Nxc3 {[%clk 1:29:50]} 6. dxc3
{[%clk 1:31:03]} c5 {[%clk 1:25:09]} 7. Bf4 {[%clk 1:29:13]} Be6 {[%clk
1:22:51]} 8. O-O-O {[%clk 1:27:10]} Qb6 {[%clk 1:11:16]} 9. Nh3 {[%clk
1:09:47]} h6 {[%clk 1:05:52]} 10. Bg3 {[%clk 1:03:58]} g5 {[%clk 0:57:37]} 11.
Bd3 {[%clk 0:59:10]} Nd7 {[%clk 0:50:21]} 12. Bf5 {[%clk 0:54:17]} O-O-O {[%clk
0:48:17]} 13. Rxd5 {[%clk 0:50:36]} Bxf5 {[%clk 0:45:38]} 14. Qxf5 {[%clk
0:50:07]} Qe6 {[%clk 0:46:04]} 15. Qe4 {[%clk 0:37:32]} f5 {[%clk 0:41:54]} 16.
Qd3 {[%clk 0:30:20]} Be7 {[%clk 0:39:37]} 17. Qc4 {[%clk 0:20:02]} Rde8 {[%clk
0:32:02]} 18. Rhd1 {[%clk 0:17:52]} Nb6 {[%clk 0:29:49]} 19. Rxc5+ {[%clk
0:16:24]} Bxc5 {[%clk 0:30:11]} 20. Qxc5+ {[%clk 0:16:32]} Kb8 {[%clk 0:25:31]}
21. Rd6 {[%clk 0:12:15]} Qxa2 {[%clk 0:23:35]} 22. e6 {[%clk 0:10:05]} f4
{[%clk 0:23:20]} 23. Nxf4 {[%clk 0:10:13]} gxf4 {[%clk 0:23:43]} 24. Bxf4
{[%clk 0:10:37]} Ka8 {[%clk 0:21:53]} 25. b3 {[%clk 0:09:08]} Nc8 {[%clk
0:07:27]} 26. Rd7 {[%clk 0:05:41]} Rxe6 {[%clk 0:06:21]} 27. Be5 {[%clk
0:04:02]} Nb6 {[%clk 0:04:48]} 28. Rf7 {[%clk 0:01:58]} Qa1+ {[%clk 0:04:01]}
29. Kd2 {[%clk 0:01:58]} Rd8+ {[%clk 0:04:23]} 30. Ke3 {[%clk 0:01:58]} Qe1+
0-1

[Event "Deutsche Ländermeisterschaft 2021"]
[Site "Neumünster GER"]
[Date "2021.10.05"]
[Round "6"]
[White "Helms, Finn"]
[Black "Peglau, Dora"]
[Result "1-0"]
[Termination "normal"]
[Board "2.5"]
[WhiteElo "1898"]
[BlackElo "1880"]
[WhiteClock "00:11:33"]
[BlackClock "00:01:41"]
[WhiteTeam "SG Bremen / Niedersachsen"]
[BlackTeam "Sachsen"]
[PlyCount "81"]
[WhiteFideId "16249143"]
[BlackFideId "16220005"]
[EventCountry "GER"]
[EventRounds "7"]
[EventType "team-swiss"]
[EventDate "2021.10.01"]

1. e4 {[%clk 1:30:57]} c6 {[%clk 1:30:56]} 2. d4 {[%clk 1:31:22]} d5 {[%clk
1:31:22]} 3. Nc3 {[%clk 1:31:48]} dxe4 {[%clk 1:31:44]} 4. Nxe4 {[%clk
1:32:07]} Nd7 {[%clk 1:32:07]} 5. Nf3 {[%clk 1:32:29]} Ngf6 {[%clk 1:32:31]} 6.
Nxf6+ {[%clk 1:32:52]} Nxf6 {[%clk 1:32:55]} 7. c3 {[%clk 1:33:15]} Bg4 {[%clk
1:33:17]} 8. h3 {[%clk 1:33:40]} Bh5 {[%clk 1:33:41]} 9. g4 {[%clk 1:33:59]}
Bg6 {[%clk 1:34:06]} 10. Ne5 {[%clk 1:34:19]} Be4 {[%clk 1:31:18]} 11. f3
{[%clk 1:33:16]} Bd5 {[%clk 1:31:43]} 12. Be3 {[%clk 1:32:29]} g6 {[%clk
1:27:38]} 13. Bd3 {[%clk 1:31:25]} Bg7 {[%clk 1:27:49]} 14. Rh2 {[%clk
1:25:57]} Nd7 {[%clk 1:18:40]} 15. f4 {[%clk 1:23:47]} Nxe5 {[%clk 1:12:11]}
16. fxe5 {[%clk 1:15:11]} h5 {[%clk 1:06:35]} 17. g5 {[%clk 1:06:22]} O-O
{[%clk 1:04:07]} 18. Qc2 {[%clk 1:00:33]} c5 {[%clk 1:01:27]} 19. O-O-O {[%clk
0:58:43]} cxd4 {[%clk 0:54:08]} 20. Bxd4 {[%clk 0:58:36]} Qc7 {[%clk 0:51:57]}
21. Rhd2 {[%clk 0:54:36]} Be6 {[%clk 0:45:12]} 22. Re1 {[%clk 0:52:58]} Qc6
{[%clk 0:27:42]} 23. Rf2 {[%clk 0:49:02]} Bxh3 {[%clk 0:24:37]} 24. Be4 {[%clk
0:43:10]} Qa6 {[%clk 0:22:10]} 25. a3 {[%clk 0:41:31]} Bg4 {[%clk 0:19:04]} 26.
Rg1 {[%clk 0:40:16]} Rad8 {[%clk 0:15:38]} 27. Kb1 {[%clk 0:32:07]} Rd7 {[%clk
0:12:15]} 28. Rgf1 {[%clk 0:29:46]} Qe6 {[%clk 0:10:17]} 29. Bd3 {[%clk
0:28:33]} Rc7 {[%clk 0:04:45]} 30. Qa4 {[%clk 0:24:50]} a6 {[%clk 0:03:13]} 31.
Qa5 {[%clk 0:24:42]} Qd7 {[%clk 0:02:32]} 32. Be4 {[%clk 0:22:28]} Qc8 {[%clk
0:00:44]} 33. Bd5 {[%clk 0:21:22]} Bf5+ {[%clk 0:00:46]} 34. Ka1 {[%clk
0:16:34]} Bxe5 {[%clk 0:00:39]} 35. Bxf7+ {[%clk 0:16:33]} Rxf7 {[%clk
0:00:45]} 36. Qxe5 {[%clk 0:16:45]} Kh7 {[%clk 0:00:52]} 37. Rxf5 {[%clk
0:10:42]} gxf5 {[%clk 0:01:21]} 38. Rxf5 {[%clk 0:10:58]} e6 {[%clk 0:01:37]}
39. g6+ {[%clk 0:11:11]} Kxg6 {[%clk 0:01:49]} 40. Rg5+ {[%clk 0:11:10]} Kh7
{[%clk 0:01:41]} 41. Rxh5+ {[%clk 0:11:33]} 1-0

[Event "Deutsche Ländermeisterschaft 2021"]
[Site "Neumünster GER"]
[Date "2021.10.05"]
[Round "6"]
[White "Peglau, Charis"]
[Black "Pfeffer, Samuel"]
[Result "1-0"]
[Termination "normal"]
[Board "2.6"]
[WhiteElo "1820"]
[BlackElo "1497"]
[WhiteClock "00:08:05"]
[BlackClock "01:02:25"]
[WhiteTeam "Sachsen"]
[BlackTeam "SG Bremen / Niedersachsen"]
[PlyCount "129"]
[WhiteFideId "16219996"]
[BlackFideId "16249160"]
[EventCountry "GER"]
[EventRounds "7"]
[EventType "team-swiss"]
[EventDate "2021.10.01"]

1. d4 {[%clk 1:30:57]} Nf6 {[%clk 1:30:42]} 2. c4 {[%clk 1:31:22]} e6 {[%clk
1:31:05]} 3. Nf3 {[%clk 1:31:38]} Bb4+ {[%clk 1:30:49]} 4. Bd2 {[%clk 1:31:26]}
Qe7 {[%clk 1:30:51]} 5. a3 {[%clk 1:30:34]} Bxd2+ {[%clk 1:31:14]} 6. Qxd2
{[%clk 1:30:13]} O-O {[%clk 1:30:59]} 7. Nc3 {[%clk 1:30:17]} d5 {[%clk
1:28:36]} 8. e3 {[%clk 1:29:33]} c5 {[%clk 1:28:33]} 9. cxd5 {[%clk 1:26:09]}
exd5 {[%clk 1:28:20]} 10. dxc5 {[%clk 1:24:30]} Qxc5 {[%clk 1:28:01]} 11. Be2
{[%clk 1:24:01]} Nc6 {[%clk 1:27:41]} 12. O-O {[%clk 1:23:27]} Bg4 {[%clk
1:26:19]} 13. Rac1 {[%clk 1:21:50]} Qa5 {[%clk 1:25:08]} 14. Rfd1 {[%clk
1:15:07]} Rad8 {[%clk 1:25:08]} 15. Nd4 {[%clk 1:13:09]} Qc7 {[%clk 1:21:36]}
16. h3 {[%clk 1:08:19]} Bxe2 {[%clk 1:20:04]} 17. Qxe2 {[%clk 1:07:28]} Rfe8
{[%clk 1:19:15]} 18. Qf3 {[%clk 1:04:55]} Qb6 {[%clk 1:15:45]} 19. b4 {[%clk
1:01:53]} Ne5 {[%clk 1:14:25]} 20. Qg3 {[%clk 1:01:28]} Ne4 {[%clk 1:09:47]}
21. Qf4 {[%clk 0:53:00]} Ng6 {[%clk 1:07:48]} 22. Qf3 {[%clk 0:48:47]} Ne5
{[%clk 1:07:52]} 23. Qe2 {[%clk 0:48:23]} Nxc3 {[%clk 1:06:38]} 24. Rxc3 {[%clk
0:48:45]} Nc4 {[%clk 1:06:54]} 25. Nf3 {[%clk 0:41:48]} a5 {[%clk 1:06:17]} 26.
Rb3 {[%clk 0:37:55]} a4 {[%clk 1:02:12]} 27. Rc3 {[%clk 0:35:12]} Qf6 {[%clk
1:01:41]} 28. Qc2 {[%clk 0:33:47]} b5 {[%clk 0:59:41]} 29. Rd4 {[%clk 0:31:18]}
Re7 {[%clk 0:59:29]} 30. Rcd3 {[%clk 0:27:24]} Red7 {[%clk 0:57:58]} 31. Nd2
{[%clk 0:21:44]} Qe6 {[%clk 0:57:13]} 32. Nb1 {[%clk 0:20:08]} Qg6 {[%clk
0:56:44]} 33. Rg4 {[%clk 0:11:32]} Qf5 {[%clk 0:55:37]} 34. Rf4 {[%clk
0:10:27]} Qg6 {[%clk 0:55:51]} 35. Qc3 {[%clk 0:09:33]} Ne5 {[%clk 0:56:12]}
36. Rd1 {[%clk 0:09:45]} Nc4 {[%clk 0:53:36]} 37. Rg4 {[%clk 0:09:07]} d4
{[%clk 0:54:04]} 38. exd4 {[%clk 0:07:44]} Qf6 {[%clk 0:51:47]} 39. Rd3 {[%clk
0:05:44]} Qf5 {[%clk 0:50:52]} 40. Rd1 {[%clk 0:02:46]} Rd5 {[%clk 0:50:39]}
41. Qg3 {[%clk 0:01:28]} g6 {[%clk 0:50:28]} 42. Rf4 {[%clk 0:26:31]} Qc2
{[%clk 1:18:25]} 43. Rf1 {[%clk 0:23:14]} Kg7 {[%clk 1:16:33]} 44. Qf3 {[%clk
0:20:23]} R8d7 {[%clk 1:16:45]} 45. Rxf7+ {[%clk 0:20:26]} Rxf7 {[%clk
1:16:16]} 46. Qxd5 {[%clk 0:20:51]} Rf5 {[%clk 1:15:33]} 47. Qd7+ {[%clk
0:18:22]} Kh6 {[%clk 1:15:49]} 48. Qe7 {[%clk 0:17:50]} Qd3 {[%clk 1:14:44]}
49. Qh4+ {[%clk 0:17:39]} Kg7 {[%clk 1:15:11]} 50. Re1 {[%clk 0:17:09]} Qc2
{[%clk 1:11:34]} 51. d5 {[%clk 0:15:00]} Ne5 {[%clk 1:10:46]} 52. d6 {[%clk
0:11:30]} Nd3 {[%clk 1:06:57]} 53. Re7+ {[%clk 0:07:55]} Rf7 {[%clk 1:04:40]}
54. Qd4+ {[%clk 0:08:02]} Kg8 {[%clk 1:03:45]} 55. Re8+ {[%clk 0:08:09]} Rf8
{[%clk 1:04:13]} 56. Rxf8+ {[%clk 0:08:11]} Kxf8 {[%clk 1:04:38]} 57. d7 {[%clk
0:08:02]} Qc1+ {[%clk 1:01:54]} 58. Kh2 {[%clk 0:08:26]} Qc7+ {[%clk 1:02:13]}
59. g3 {[%clk 0:08:29]} Ke7 {[%clk 1:02:30]} 60. Qxd3 {[%clk 0:08:42]} Kd8
{[%clk 1:02:02]} 61. Nc3 {[%clk 0:07:40]} Qa7 {[%clk 1:01:52]} 62. Ne4 {[%clk
0:07:40]} Qb7 {[%clk 1:01:59]} 63. Nc5 {[%clk 0:07:48]} Qc6 {[%clk 1:02:26]}
64. Qe3 {[%clk 0:07:53]} Kc7 {[%clk 1:02:25]} 65. Qe5+ {[%clk 0:08:05]} 1-0

[Event "Deutsche Ländermeisterschaft 2021"]
[Site "Neumünster GER"]
[Date "2021.10.05"]
[Round "6"]
[White "Evering, Enna"]
[Black "Herrmann, Arthur"]
[Result "1/2-1/2"]
[Termination "normal"]
[Board "2.7"]
[WhiteElo "1568"]
[BlackElo "1385"]
[WhiteClock "00:16:20"]
[BlackClock "00:21:48"]
[WhiteTeam "SG Bremen / Niedersachsen"]
[BlackTeam "Sachsen"]
[PlyCount "64"]
[WhiteFideId "16218213"]
[BlackFideId "16287150"]
[EventCountry "GER"]
[EventRounds "7"]
[EventType "team-swiss"]
[EventDate "2021.10.01"]

1. e4 {[%clk 1:30:57]} c5 {[%clk 1:30:56]} 2. Nf3 {[%clk 1:31:12]} d6 {[%clk
1:31:22]} 3. d4 {[%clk 1:31:23]} cxd4 {[%clk 1:31:47]} 4. Nxd4 {[%clk 1:31:47]}
Nf6 {[%clk 1:32:11]} 5. f3 {[%clk 1:31:49]} a6 {[%clk 1:32:17]} 6. c4 {[%clk
1:31:06]} e6 {[%clk 1:32:08]} 7. Nc3 {[%clk 1:26:08]} Nc6 {[%clk 1:30:36]} 8.
Be3 {[%clk 1:23:42]} Be7 {[%clk 1:28:28]} 9. Be2 {[%clk 1:23:05]} O-O {[%clk
1:25:17]} 10. O-O {[%clk 1:22:04]} Nd7 {[%clk 1:18:22]} 11. Qd2 {[%clk
1:19:32]} Qc7 {[%clk 1:17:06]} 12. Rad1 {[%clk 1:17:48]} b6 {[%clk 1:13:39]}
13. Kh1 {[%clk 1:14:27]} Bb7 {[%clk 1:10:16]} 14. f4 {[%clk 1:07:52]} Nc5
{[%clk 1:06:01]} 15. Bf3 {[%clk 1:02:37]} Rfd8 {[%clk 1:03:27]} 16. f5 {[%clk
0:56:55]} Bf6 {[%clk 0:58:42]} 17. Nxc6 {[%clk 0:49:53]} Bxc6 {[%clk 0:58:42]}
18. Bd4 {[%clk 0:49:26]} Bxd4 {[%clk 0:46:35]} 19. Qxd4 {[%clk 0:49:35]} Qe7
{[%clk 0:46:22]} 20. b4 {[%clk 0:44:28]} Na4 {[%clk 0:42:43]} 21. Nxa4 {[%clk
0:38:14]} Bxa4 {[%clk 0:42:57]} 22. Rd2 {[%clk 0:36:37]} b5 {[%clk 0:39:45]}
23. Bd1 {[%clk 0:31:02]} Bxd1 {[%clk 0:36:25]} 24. Rfxd1 {[%clk 0:30:42]} exf5
{[%clk 0:30:48]} 25. e5 {[%clk 0:27:37]} bxc4 {[%clk 0:27:37]} 26. exd6 {[%clk
0:25:52]} Qe4 {[%clk 0:25:54]} 27. d7 {[%clk 0:22:14]} Qxd4 {[%clk 0:23:36]}
28. Rxd4 {[%clk 0:22:36]} Kf8 {[%clk 0:22:43]} 29. Rxc4 {[%clk 0:22:10]} Ra7
{[%clk 0:22:15]} 30. Rcd4 {[%clk 0:16:28]} Ke7 {[%clk 0:21:50]} 31. Re1+ {[%clk
0:16:36]} Kf8 {[%clk 0:21:33]} 32. Red1 {[%clk 0:16:20]} Ke7 {[%clk 0:21:48]}
1/2-1/2

[Event "Deutsche Ländermeisterschaft 2021"]
[Site "Neumünster GER"]
[Date "2021.10.05"]
[Round "6"]
[White "Weber, Samuel"]
[Black "Krastev, Alexander"]
[Result "1/2-1/2"]
[Termination "normal"]
[Board "3.1"]
[WhiteTitle "FM"]
[BlackTitle "FM"]
[WhiteElo "2258"]
[BlackElo "2393"]
[WhiteClock "00:16:44"]
[BlackClock "00:05:06"]
[WhiteTeam "Hessen"]
[BlackTeam "Nordrhein-Westfalen"]
[PlyCount "64"]
[WhiteFideId "12924008"]
[BlackFideId "12989983"]
[EventCountry "GER"]
[EventRounds "7"]
[EventType "team-swiss"]
[EventDate "2021.10.01"]

1. c4 {[%clk 1:30:50]} e5 {[%clk 1:28:25]} 2. g3 {[%clk 1:30:34]} Nf6 {[%clk
1:28:37]} 3. Bg2 {[%clk 1:30:47]} h6 {[%clk 1:28:52]} 4. Nc3 {[%clk 1:26:18]}
Bb4 {[%clk 1:29:14]} 5. Nd5 {[%clk 1:17:43]} Nxd5 {[%clk 1:24:20]} 6. cxd5
{[%clk 1:16:43]} O-O {[%clk 1:23:40]} 7. Nf3 {[%clk 1:12:54]} Re8 {[%clk
1:11:18]} 8. O-O {[%clk 1:05:19]} c6 {[%clk 1:04:05]} 9. Qb3 {[%clk 0:59:30]}
Bf8 {[%clk 1:02:54]} 10. d4 {[%clk 0:59:03]} exd4 {[%clk 1:02:55]} 11. Nxd4
{[%clk 0:58:48]} c5 {[%clk 1:02:39]} 12. Nc2 {[%clk 0:56:16]} d6 {[%clk
1:02:46]} 13. e4 {[%clk 0:56:34]} b5 {[%clk 0:54:59]} 14. a4 {[%clk 0:53:01]}
bxa4 {[%clk 0:52:57]} 15. Qxa4 {[%clk 0:50:41]} a5 {[%clk 0:43:14]} 16. Bd2
{[%clk 0:47:43]} Bd7 {[%clk 0:42:36]} 17. Qa3 {[%clk 0:44:03]} a4 {[%clk
0:41:00]} 18. b3 {[%clk 0:40:56]} Bb5 {[%clk 0:39:41]} 19. Rfc1 {[%clk
0:40:01]} Nd7 {[%clk 0:37:55]} 20. bxa4 {[%clk 0:39:50]} Bxa4 {[%clk 0:38:08]}
21. Ne3 {[%clk 0:39:57]} Nf6 {[%clk 0:37:39]} 22. Qd3 {[%clk 0:38:53]} Bd7
{[%clk 0:35:38]} 23. Bc3 {[%clk 0:36:54]} Ng4 {[%clk 0:33:59]} 24. Nxg4 {[%clk
0:34:21]} Bxg4 {[%clk 0:34:23]} 25. f4 {[%clk 0:33:03]} Qb6 {[%clk 0:26:57]}
26. Qc4 {[%clk 0:29:10]} Reb8 {[%clk 0:12:36]} 27. Bf1 {[%clk 0:25:14]} Bd7
{[%clk 0:11:12]} 28. Bd3 {[%clk 0:20:43]} Qd8 {[%clk 0:08:08]} 29. Rxa8 {[%clk
0:18:51]} Rxa8 {[%clk 0:08:37]} 30. Ra1 {[%clk 0:18:44]} Rxa1+ {[%clk 0:06:21]}
31. Bxa1 {[%clk 0:19:00]} Qa5 {[%clk 0:06:42]} 32. Qc3 {[%clk 0:16:44]} Qa4
{[%clk 0:05:06]} 1/2-1/2